000 00657nab a2200181 4500
001 244442
003 OSt
005 20230919115147.0
007 tu
008 200917s2020|||||||
040 _aDE-2950
_cDE-2950
245 0 0 _aWo für ArcelorMittal und Tesla geschraubt wird
_bIndustrie. Das Frankfurter Unternehmen Elektronmaschinen-Service Klähr hat seine neue Produktionshalle in Markendorf-Siedlung in Betrieb genommen/
_cPhilipp Stepputtis
264 _c2023
653 _aFrankfurt (Oder)
653 _aElektromaschinen-Service Klähr
773 0 _g34. Jahrgang (2023) Nr. 213 vom 12.09.2023, S. 15, mit Foto
_tMärkische Oderzeitung
942 _2z
_cA
999 _c372730
_d372730